[Event "11th IHEM"]
[Site "Hamburg GER"]
[Date "2008.05.16"]
[Round "8"]
[White "Bach,Mat"]
[Black "Reddmann,H"]
[Result "1/2-1/2"]
[WhiteElo "2263"]
[BlackElo "2351"]

1.d4 Nf6 2.c4 e6 3.g3 Bb4+ 4.Bd2 Qe7 5.Nf3 c5 6.Bxb4 cxb4 7.Bg2 O-O 8.O-O d6
9.Qd2 a5 10.a3 bxa3 11.Rxa3 Nc6 12.Nc3 Ra6 13.Rfa1 b6 14.e4 Rd8 15.d5 Nb4
16.Nd4 Bd7 17.Na2 Nxa2 18.R3xa2 Rc8 19.Nc6 Qe8 20.b4 Rc7 21.b5 Ra8 22.Qd4 Rb7
23.dxe6 Bxe6 24.e5 dxe5 25.Nxe5 Rd8 26.Qf4 Rc7 27.Bc6 Qe7 28.Re2 Qd6 29.Qe3 Rb8
30.Rd2 Qb4 31.Qd4 Rcc8 32.Rc1 h6 33.c5 bxc5 34.Rxc5 Ne4 35.Bxe4 Qxc5 36.Nc6 Qxd4
37.Rxd4 Rb7 38.Bd3 Ra8 39.Nxa5 Rb6 40.Be4 Rc8 41.Bc6 Kf8 42.Nb7 Bh3 43.f3 Rcxc6
44.bxc6 Rxc6 45.Kf2 Rc2+ 46.Ke3 g5 47.Rd2 Rxd2 48.Kxd2 Bg2 49.Ke3 g4 50.Nd6 Bxf3
51.h4 Kg7 52.Kf4 Kg6 53.h5+ Kg7 54.Nf5+ Kh7 55.Ke5 Be2 56.Kf6 Bd3 57.Nd6 Bc2
58.Kxf7 Bb3+ 59.Kf8 Be6 60.Ne4 Bc8 61.Kf7 Bf5 62.Nd6 Bc2 63.Kf6 Bd3 64.Nf5 Bb5
65.Kf7 Bc4+ 66.Kf8 Be6 67.Ne3 Bc8 68.Kf7 Bd7 69.Ke7 Bc8 70.Kf6 Bd7 71.Nd5 Bc6
72.Ke5 Kg7 73.Nf6 Bf3 74.Kf5 Bc6 75.Ne4 Bxe4+ 76.Kxe4 Kf6 77.Kf4 Ke6 78.Kxg4 Kf6
79.Kf4 Ke6 80.g4 Kf6 81.Ke4 Ke6  1/2-1/2

[Event "LXXII ch-CRC Fase 1"]
[Site "Moravia CRC"]
[Date "2008.05.25"]
[Round "9"]
[White "Ugalde,R"]
[Black "Cabrera,Ma"]
[Result "0-1"]
[WhiteElo "2142"]
[BlackElo "2047"]

1.d4 Nf6 2.c4 e6 3.g3 Bb4+ 4.Bd2 Qe7 5.Nf3 b6 6.Bg2 Bb7 7.O-O O-O 8.Bg5 h6
9.Bf4 d5 10.a3 Bd6 11.Bxd6 Qxd6 12.cxd5 exd5 13.Nc3 a6 14.Rc1 Nbd7 15.Qc2 c5
16.Rfd1 c4 17.Nh4 Rfe8 18.Nf5 Qe6 19.Bh3 Qc6 20.Qd2 Nf8 21.Bg2 Rad8 22.Re1 b5
23.Ne3 Qd7 24.Rcd1 a5 25.Nc2 Bc6 26.f3 Qb7 27.Na2 Qb6 28.Rb1 Re7 29.Kh1 Rde8
30.b3 Qa7 31.Nc3 Qa8 32.e3 N8d7 33.bxc4 bxc4 34.Rb2 Rb8 35.Reb1 Rxb2 36.Rxb2 g6
37.Rb1 Kg7 38.Qc1 Nf8 39.Kg1 Ne6 40.Rb6 Nd7 41.Rb1 Nf6 42.Qd2 Nc7 43.Re1 Nce8
44.h4 h5 45.e4 dxe4 46.d5 Bxd5 47.Nxd5 Qxd5 48.Qxd5 Nxd5 49.fxe4 Ndf6 50.Ne3 Nd6
51.Rd1 Ndxe4 52.Nxc4 Nxg3 53.Nxa5 Ra7 54.Nc4 Ra4 55.Ne5 Rxa3 56.Rb1 Ng4 57.Nf3 Rc3
58.Ng5 Rc1+ 59.Rxc1 Ne2+ 60.Kf1 Nxc1 61.Bd5 f5 62.Ne6+ Kf6 63.Bc4 Ne3+  0-1

[Event "XXVII Open"]
[Site "Zalakarosi HUN"]
[Date "2008.05.27"]
[Round "6"]
[White "Medvegy,Z"]
[Black "Chatalbashev,B"]
[Result "1-0"]
[WhiteElo "2512"]
[BlackElo "2605"]

1.d4 Nf6 2.c4 e6 3.g3 Bb4+ 4.Bd2 c5 5.Bxb4 cxb4 6.Bg2 O-O 7.Nf3 d6 8.O-O a5
9.a3 Na6 10.axb4 Nxb4 11.Nc3 b6 12.Na2 Nxa2 13.Rxa2 Ba6 14.b3 Rc8 15.Rc2 d5
16.Ne5 Qd6 17.Qa1 Rfd8 18.Rfc1 dxc4 19.bxc4 Qxd4 20.Qxd4 Rxd4 21.Nc6 Rd7
22.Rb2 Bb7 23.Ne5 Rdc7 24.Rxb6 Bxg2 25.Kxg2 h5 26.Rb5 Rc5 27.Rxc5 Rxc5 28.Nd3 Rc7
29.Kf3 a4 30.Ke3 a3 31.Kd4 Rd7+ 32.Kc3 Ne4+ 33.Kb3 Ra7 34.f3 a2 35.Ra1 Nd2+
36.Kc3 Nb1+ 37.Kc2 Kf8 38.Nc1 Ke7 39.Rxa2 Rxa2+ 40.Nxa2 Na3+ 41.Kc3 Kd6 42.Nc1 e5
43.Nb3 f5 44.Nd2 Kc5 45.f4 exf4 46.gxf4 h4 47.h3  1-0

[Event "Doroshkevich mem"]
[Site "Maykop RUS"]
[Date "2008.06.01"]
[Round "9"]
[White "Weetik,V"]
[Black "Elizarov,D"]
[Result "1/2-1/2"]
[WhiteElo "2407"]
[BlackElo "2298"]

1.d4 e6 2.c4 Nf6 3.g3 Bb4+ 4.Bd2 Be7 5.Bg2 d5 6.Nf3 O-O 7.O-O b6 8.cxd5 exd5
9.Nc3 Bb7 10.Rc1 Na6 11.Ne5 c5 12.Bf4 Nc7 13.dxc5 bxc5 14.Qa4 Ne6 15.Rfd1 Nxf4
16.gxf4 Qd6 17.Nxd5 Nxd5 18.Bxd5 Bxd5 19.e4 Qf6 20.exd5 Bd6 21.Qe4 Rae8 22.Re1 Qh4
23.Qf3 f6 24.Nd7 Rxe1+ 25.Rxe1 Rd8 26.Qe2 h5 27.Qe6+ Kh7 28.Qxd6 Qg4+ 29.Kf1 Qh3+
30.Ke2 Qg4+ 31.Ke3 Qh3+ 32.Ke2 Qg4+ 33.Ke3 Qh3+  1/2-1/2

[Event "XXX Nezhmetdinov Mem"]
[Site "Kazan RUS"]
[Date "2008.06.08"]
[Round "8"]
[White "Ponfilenok,V"]
[Black "Bronnikov,K1"]
[Result "1-0"]
[WhiteElo "2435"]
[BlackElo "2210"]

1.d4 Nf6 2.c4 e6 3.g3 Bb4+ 4.Bd2 Qe7 5.Nf3 Nc6 6.Nc3 Bxc3 7.Bxc3 Ne4 8.Rc1 O-O
9.Bg2 a5 10.O-O Nxc3 11.Rxc3 d6 12.c5 Bd7 13.a3 a4 14.Qd2 Na5 15.Qe3 d5 16.Nd2 Bc6
17.f4 f5 18.h3 Rf7 19.g4 g6 20.g5 Bb5 21.Nf3 Nc4 22.Qc1 c6 23.Rd1 Qc7 24.Ne1 h5
25.gxh6 Rh7 26.Rg3 Rxh6 27.Nd3 Kf7 28.Kh2 Rg8 29.Rg1 Qa5 30.Ne5+ Nxe5 31.fxe5 Rgh8
32.Bf1 Qd8 33.Qd2 Qh4 34.Qa5 Qd8 35.Qe1 Qh4 36.Qd2 Qd8 37.Rg5 Rg8 38.Rxf5+ gxf5
39.Qxh6 Rxg1 40.Kxg1 Qg8+ 41.Kf2 Qg7 42.Qh4 Kg6 43.Bg2 Qh6 44.Qf6+ Kh7 45.Qxh6+ Kxh6
46.Bf3 Bc4 47.h4 Bb3 48.e3 Bc2 49.Ke1 Kg6 50.Kd2 Be4 51.Bd1 Bg2 52.Ke1 Bh3
53.Kf2 Bg4 54.Bxa4 Kh5 55.Kg3 Be2 56.Bc2 Bg4 57.Bd3 Bd1 58.b4 Ba4 59.Be2+ Kg6
60.Kf2 Bb5 61.Bxb5 cxb5 62.Ke2 Kh5 63.Kd2 Kxh4 64.a4  1-0

[Event "115th ch-SCO"]
[Site "Glasgow SCO"]
[Date "2008.06.10"]
[Round "6"]
[White "Brunello,S"]
[Black "Markos,J"]
[Result "1/2-1/2"]
[WhiteElo "2475"]
[BlackElo "2565"]

1.d4 Nf6 2.c4 e6 3.g3 Bb4+ 4.Bd2 Bxd2+ 5.Qxd2 O-O 6.Bg2 d5 7.Nf3 Qe7 8.O-O Nbd7
9.Rc1 c6 10.a3 dxc4 11.Rxc4 e5 12.dxe5 Nxe5 13.Nxe5 Qxe5 14.Nc3 Qe7 15.Rd1 Be6
16.Qe3 Rfc8 17.Rcd4 h6 18.Bf3 Rab8 19.Rd6 Ne8 20.R6d3 b6 21.Qf4 Qc7 22.Qd2 Nf6
23.Rc1 Qe7 24.Qf4 c5 25.Nb5 Ne8 26.Rcd1 a6 27.Nd6 Nxd6 28.Rxd6 c4 29.R1d4 Qg5
30.Bc6 Qxf4 31.gxf4 g6 32.e4 Kg7 33.h4 h5 34.Kg2 Rc7 35.Bd5 Bxd5 36.exd5 c3
37.bxc3 Rxc3 38.a4 a5 39.f5 gxf5 40.Rf4 Rb7 41.Rxf5 Rc4 42.Rxh5 Rxa4 43.Rg5+ Kh7
44.Rh5+ Kg7 45.Rg5+ Kh7 46.Rh5+  1/2-1/2

[Event "8th TCh-Euro U18"]
[Site "Szeged HUN"]
[Date "2008.06.21"]
[Round "7"]
[White "Bobula,M"]
[Black "Varga,Dav"]
[Result "1/2-1/2"]
[WhiteElo "2404"]
[BlackElo "2289"]

1.d4 Nf6 2.c4 e6 3.g3 Bb4+ 4.Bd2 Qe7 5.Bg2 O-O 6.Nf3 Bxd2+ 7.Nbxd2 c5 8.O-O d6
9.e4 e5 10.d5 a6 11.a3 b5 12.b4 Nbd7 13.Qe2 Ne8 14.Nb3 bxc4 15.Qxc4 Nb6 16.Qe2 Bd7
17.Qe3 Na4 18.bxc5 dxc5 19.Rfc1 Rc8 20.Nfd2 Bb5 21.Bf1 Nf6 22.Na5 Qc7 23.Bxb5 axb5
24.Nc6 Qd6 25.Rab1 Rxc6 26.dxc6 Qxc6 27.Qd3 c4 28.Nxc4 bxc4 29.Qxc4 Qxc4
30.Rxc4 Nxe4 31.Re1 Nd2 32.Rxa4 Nf3+ 33.Kf1 Nxe1 34.Kxe1 f6 35.Rb4 Rd8 36.Ke2 Rd7
37.a4 Kf7 38.a5 Ra7 39.Rb5 Ke6 40.Kd3 Kd6 41.Kc4 Rc7+  1/2-1/2

[Event "Svein Johannessen Mem"]
[Site "Oslo NOR"]
[Date "2008.06.29"]
[Round "4"]
[White "Skrondal,I"]
[Black "Thingstad,E"]
[Result "1/2-1/2"]
[WhiteElo "2189"]
[BlackElo "1982"]

1.d4 Nf6 2.c4 e6 3.g3 Bb4+ 4.Bd2 Qe7 5.Nf3 Nc6 6.Nc3 Bxc3 7.Bxc3 Ne4 8.Rc1 d6
9.d5 Nxc3 10.Rxc3 Nd8 11.dxe6 Nxe6 12.Bg2 O-O 13.O-O Bd7 14.Nd4 Nxd4 15.Qxd4 Bc6
16.Bxc6 bxc6 17.Re3 Qd7 18.c5 d5 19.Rd1 Rfe8 20.Rdd3 Rab8 21.g4 h6 22.h3 Rb5
23.Ra3 a5 24.Rab3 Re6 25.Kf1 Kh8 26.a3 Kg8 27.Rbd3 Qc8 28.Rxe6 Qxe6 29.b4 axb4
30.axb4 Qg6 31.Kg2 Rb8 32.Qf4 h5 33.Rd4 Re8 34.e3 hxg4 35.hxg4 Re4 36.Rxe4 Qxe4+
37.Qxe4 dxe4 38.g5 f5 39.gxf6 g5 40.Kg3 Kf7 41.Kg4 Kxf6 42.Kg3 Kf5 43.Kh3 Kf6
44.Kg4 Kg6 45.Kg3 Kf5  1/2-1/2

[Event "ch-NOR Elite"]
[Site "Tonsberg NOR"]
[Date "2008.07.05"]
[Round "1"]
[White "Ekeberg,C"]
[Black "Ostenstad,B"]
[Result "1/2-1/2"]
[WhiteElo "2349"]
[BlackElo "2483"]

1.d4 Nf6 2.c4 e6 3.g3 Bb4+ 4.Bd2 Be7 5.Bg2 d5 6.Nf3 O-O 7.O-O Nbd7 8.Qb3 c6
9.Nc3 Nb6 10.c5 Nc4 11.Bf4 b6 12.Na4 Ba6 13.Qc2 Nd7 14.b3 Na5 15.Rfd1 bxc5
16.Nxc5 Nxc5 17.dxc5 Nb7 18.b4 Bf6 19.Rab1 Bc4 20.e4 a5 21.e5 Be7 22.a3 Qc7
23.Bf1 Bxf1 24.Rxf1 Rfb8 25.h4 Nd8 26.Rb3 axb4 27.axb4 Ra4 28.Rfb1 Qa7 29.Kg2  1/2-1/2

[Event "XIII Open"]
[Site "Balaguer ESP"]
[Date "2008.07.15"]
[Round "2"]
[White "Trepat Herranz,J"]
[Black "Guliev,L"]
[Result "0-1"]
[WhiteElo "2220"]
[BlackElo "2436"]

1.d4 Nf6 2.c4 e6 3.g3 Bb4+ 4.Bd2 c5 5.Bxb4 cxb4 6.Bg2 O-O 7.Nf3 d6 8.O-O Nc6
9.a3 bxa3 10.Rxa3 e5 11.d5 Nb4 12.Nbd2 a5 13.Ne1 Qc7 14.e4 b6 15.Nd3 Ba6
16.Nxb4 axb4 17.Ra1 Qc5 18.Qb3 Rfc8 19.Rfc1 h6 20.Nf1 Bb7 21.Ne3 Ra5 22.Ra4 Rxa4
23.Qxa4 Ra8 24.Qb3 Bc8 25.Nc2 Ng4 26.Qf3 Qxc4 27.Bf1 Qc5 28.h3 Nf6 29.Qe3 Bd7
30.Qxc5 bxc5 31.f3 Ra2 32.Rb1 Kf8 33.h4 Ne8 34.Bc4 Ra7 35.Kf2 f5 36.Ke3 Ke7
37.f4 exf4+ 38.gxf4 fxe4 39.Kxe4 Nf6+ 40.Kf3 Bg4+ 41.Kg3 Bf5 42.Re1+ Kf8
43.Ne3 Re7 44.Re2 Bg6 45.b3 Bh5 46.Re1 Ne4+ 47.Kg2 Nd2 48.Kf2 Re4 49.Ng2 Rd4  0-1

[Event "XIII Open"]
[Site "Balaguer ESP"]
[Date "2008.07.22"]
[Round "9"]
[White "Danelia,M"]
[Black "Guliev,L"]
[Result "0-1"]
[WhiteElo "2185"]
[BlackElo "2436"]

1.d4 Nf6 2.c4 e6 3.g3 Bb4+ 4.Bd2 c5 5.Bxb4 cxb4 6.Bg2 O-O 7.Nf3 d6 8.O-O Nc6
9.d5 exd5 10.cxd5 Ne7 11.Qd4 Nexd5 12.e4 Nb6 13.Qxb4 d5 14.exd5 Nbxd5 15.Qb5 a6
16.Qb3 Qa5 17.Na3 Bd7 18.Nc4 Qc7 19.Nce5 Be6 20.Qa3 Rac8 21.Nd3 Qb6 22.Rac1 Bf5
23.Nc5 Nb4 24.Na4 Qa5 25.Nd4 Bd7 26.Nc3 Qxa3 27.bxa3 Nd3 28.Rc2 Rc4 29.Nce2 Rxc2
30.Nxc2 Nc5 31.Ned4 g6 32.Ne3 b5 33.Rc1 Rc8 34.Nd5 Nxd5 35.Bxd5 Kf8 36.Nb3 Na4
37.Rxc8+ Bxc8 38.Nd4 Nc3 39.Bb3 Bd7 40.Kf1 a5 41.Ke1 a4 42.Bc2 Nxa2 43.Kd2 b4
44.axb4 Nxb4 45.Be4 f5 46.Bf3 a3 47.Kc3 Ba4 48.Ne6+ Ke7 49.Nc5 a2 50.Kb2 Bc2
51.Be2 Kd6 52.Na6 Nxa6 53.Bxa6 Bb3 54.h3 Ke5 55.Bb7 Kd4 56.h4 h6 57.Bc6 Bf7
58.Bf3 Kd3 59.Bc6 Ke2 60.f3 Kf2 61.g4 f4 62.Be4 Kg3 63.h5 g5 64.Bb7 Bc4 65.Be4 Be2
66.Kxa2 Bxf3  0-1

[Event "13th Open"]
[Site "Creon FRA"]
[Date "2008.08.03"]
[Round "9"]
[White "Demanghon,J"]
[Black "Favarel,C"]
[Result "1-0"]
[WhiteElo "2213"]
[BlackElo "2102"]

1.d4 Nf6 2.c4 e6 3.g3 Bb4+ 4.Bd2 Qe7 5.Bg2 O-O 6.Nf3 d5 7.O-O Nbd7 8.Nc3 Bxc3
9.Bxc3 Ne4 10.Qc2 b6 11.Nd2 f5 12.f3 Nxd2 13.Bxd2 c5 14.Rfe1 cxd4 15.cxd5 exd5
16.Qb3 Bb7 17.Qa4 Rfe8 18.Qxd4 Qc5 19.Bc3 Rac8 20.e3 Qxd4 21.exd4 Kf7 22.Kf2 g5
23.Bf1 a6 24.Bd3 Kf6 25.h4 gxh4 26.gxh4 Rcd8 27.Bd2 Rc8 28.Rxe8 Rxe8 29.Rc1 Bc8
30.Rc6+ Kg7 31.Bxf5 Kg8 32.Rc7  1-0

[Event "Arctic Chess Challenge"]
[Site "Tromso NOR"]
[Date "2008.08.03"]
[Round "2"]
[White "Royset,J"]
[Black "Thingstad,E"]
[Result "1/2-1/2"]
[WhiteElo "2208"]
[BlackElo "2019"]

1.d4 Nf6 2.c4 e6 3.g3 Bb4+ 4.Bd2 Qe7 5.Bg2 Nc6 6.Nf3 Bxd2+ 7.Nbxd2 d6 8.O-O e5
9.d5 Nb8 10.e4 a5 11.Rc1 O-O 12.Rc3 Na6 13.Ne1 Bg4 14.f3 Bd7 15.Qe2 c6 16.Ra3 cxd5
17.exd5 Nc5 18.Nb3 Nxb3 19.Rxb3 Rab8 20.h3 b5 21.f4 bxc4 22.Re3 Rfe8 23.Rf2 Bb5
24.Qd2 Qa7 25.fxe5 Rxe5 26.Rxe5 dxe5 27.Nc2 Rd8 28.Kh2 Qb6 29.Rf5 e4 30.Ne3 Ba6
31.g4 Bb7 32.Kh1 g6 33.Re5 Qc7 34.Qd4 Qd7 35.g5 Nxd5 36.Ng4 Qd6 37.Bxe4 Kf8
38.Kg1 Ba8 39.Bxd5 Bxd5 40.Nf6 Be6 41.Qxd6+ Rxd6 42.Rxa5 Rd1+ 43.Kf2 Rd2+
44.Ke3 Rxb2 45.Kd4  1/2-1/2

[Event "Najdorf Memorial Open"]
[Site "Warsaw POL"]
[Date "2008.08.03"]
[Round "2"]
[White "Staniszewski,Pi"]
[Black "Przybyla,K"]
[Result "1/2-1/2"]
[WhiteElo "2416"]
[BlackElo "2134"]

1.d4 Nf6 2.c4 e6 3.g3 Bb4+ 4.Bd2 Qe7 5.Bg2 O-O 6.Nf3 Bxd2+ 7.Qxd2 d6 8.Nc3 e5
9.O-O Nc6 10.Nd5 Nxd5 11.cxd5 Nxd4 12.Nxd4 exd4 13.Rfe1 Re8 14.Qxd4 Qe5 15.Qxe5 Rxe5
16.Rac1 Re7 17.Rc4 Bf5 18.e3 Kf8 19.Rec1 Rc8 20.e4 b5 21.Rd4 Bd7 22.b4 Ke8
23.Bf1 Kd8 24.Rc3 Ra8 25.Ra3 Kc8 26.Ra5 a6 27.a4 Kb7 28.axb5 axb5 29.Rxa8 Kxa8
30.f4 Kb7 31.Kf2 Kb6 32.Ke3 f5 33.Bd3 fxe4 34.Rxe4 Rf7 35.Kd4 Bf5 36.Re8 Bxd3
37.Kxd3 c6 38.dxc6 Kxc6  1/2-1/2

[Event "Petrovskaya Ladya Open"]
[Site "Peterhof RUS"]
[Date "2008.08.10"]
[Round "9"]
[White "Kuryshev,I"]
[Black "Sakov,A"]
[Result "1-0"]
[WhiteElo "2100"]
[BlackElo "2102"]

1.d4 Nf6 2.c4 e6 3.g3 Bb4+ 4.Bd2 Be7 5.Bg2 d5 6.Nf3 O-O 7.Qc2 Nbd7 8.O-O b6
9.Bc3 c5 10.dxc5 Nxc5 11.Ng5 g6 12.Rd1  1-0

[Event "IM"]
[Site "Panevezys LTU"]
[Date "2008.08.18"]
[Round "9"]
[White "Sharevich,A"]
[Black "Ciuksyte,D"]
[Result "0-1"]
[WhiteElo "2318"]
[BlackElo "2363"]

1.d4 Nf6 2.c4 e6 3.g3 Bb4+ 4.Bd2 a5 5.Bg2 d6 6.Nf3 Nbd7 7.O-O e5 8.a3 Bxd2
9.Nbxd2 a4 10.e3 O-O 11.Qc2 Re8 12.Rad1 h6 13.Nb1 c6 14.Nc3 Qa5 15.dxe5 dxe5
16.Nd2 Nc5 17.h3 Be6 18.f4 exf4 19.gxf4 Rad8 20.f5 Bc8 21.Rf3 Rd3 22.e4 Rxf3
23.Bxf3 Qc7 24.Nf1 Kh7 25.Qg2 Qe5 26.Ng3 g6 27.fxg6+ fxg6 28.Kh1 Be6 29.Be2 h5
30.Rg1 Qg5 31.Qh2 Qh4 32.e5 Nfe4 33.Ngxe4 Nxe4 34.Nxe4 Qxe4+ 35.Qg2 Qf5 36.Qg3 Qxh3+
37.Qxh3 Bxh3 38.Bd3 Bg4 39.Re1 Kh6 40.Bc2 Kg5 41.Bxa4 Kf4 42.Bc2 g5 43.Re4+ Kg3
44.Kg1 h4 45.Re3+ Bf3 46.Bd1 g4 47.Bxf3 gxf3 48.e6 Rd8 49.Kf1 Rd1+ 50.Re1 Rxe1+
51.Kxe1 f2+ 52.Kf1 h3 53.e7 h2 54.e8=Q h1=Q+  0-1

[Event "8th Savaria Summer IM"]
[Site "Szombathely HUN"]
[Date "2008.08.19"]
[Round "6"]
[White "Kiss,At"]
[Black "Rachela,M"]
[Result "0-1"]
[WhiteElo "2371"]
[BlackElo "2338"]

1.d4 Nf6 2.c4 e6 3.g3 Bb4+ 4.Bd2 Qe7 5.Nf3 Nc6 6.Nc3 Bxc3 7.Bxc3 Ne4 8.Rc1 a5
9.Bg2 O-O 10.O-O Nxc3 11.Rxc3 d6 12.d5 Nb4 13.a3 Na6 14.dxe6 fxe6 15.Nd4 e5
16.Re3 Qd8 17.Nb5 Kh8 18.b3 Nc5 19.b4 axb4 20.axb4 Ne6 21.Qd2 Ng5 22.Rd1 Nh3+
23.Bxh3 Bxh3 24.f3 Qe7 25.Nc3 Qf7 26.c5 dxc5 27.bxc5 Qe7 28.Ne4 Rfd8 29.Qc1 Bf5
30.Rxd8+ Rxd8 31.Qc3 h6 32.Nf2 Rd5 33.c6 b6 34.f4 Rc5 35.Qb2 Qd6 36.Nd3 Bxd3
37.Rxd3 Qxc6 38.Rd8+ Kh7 39.fxe5 Rc1+ 40.Kf2 Qh1 41.Ke3 Qg1+ 42.Kf3 Rc4 43.Qb3 Qh1+
44.Ke3 Qe4+ 45.Kf2 Qf5+ 46.Kg2 Qe4+ 47.Kf2 Qxe5 48.Qxc4 Qf6+ 49.Qf4 Qxd8
50.Qf5+ Kg8 51.Qe6+ Kf8 52.Kg2 Qd6 53.Qf5+ Ke7 54.e4 Qf6 55.Qd5 c6 56.Qa2 b5
57.Qa7+ Kd6 58.Qb8+ Kc5 59.e5 Qg6 60.h4 Kd5 61.Qd8+ Kxe5 62.Qe7+ Kd5 63.Qd7+ Kc4
64.h5 Qf6 65.Qa7 Kb3 66.g4 b4 67.Qd7 Qc3 68.Qf7+ Kb2  0-1

[Event "ch-SCCF State"]
[Site "Los Angeles USA"]
[Date "2008.08.23"]
[Round "5"]
[White "Tanaka,C"]
[Black "Peters,Ja"]
[Result "0-1"]
[WhiteElo "2098"]
[BlackElo "2408"]

1.d4 Nf6 2.c4 e6 3.g3 Bb4+ 4.Bd2 Be7 5.Bg2 d5 6.Nc3 O-O 7.Nf3 c6 8.b3 dxc4
9.bxc4 c5 10.dxc5 Nfd7 11.O-O Nc6 12.Rb1 Nxc5 13.Qc2 Bd7 14.Rfd1 Qc8 15.Bf4 f6
16.e4 Na5 17.Nd2 Rd8 18.e5 f5 19.Nb5 Bc6 20.Nd6 Bxd6 21.exd6 Bxg2 22.Kxg2 Qc6+
23.f3 Nd7 24.Qc3 b6 25.Nb3 Qxc4 26.Qc1 e5 27.Bg5 Re8 28.Nxa5 Qxa2+ 29.Qd2 Qxa5
30.Qxa5 bxa5 31.Rb7 Nf6 32.d7 Red8 33.Rd6 Kf7 34.Bxf6 gxf6 35.Ra6 Ke7 36.Raxa7 Rxa7
37.Rxa7 Rxd7 38.Rxa5 Rd2+ 39.Kh3 Kf7 40.Ra7+ Kg6 41.Ra3 Rf2 42.Re3 Kg5 43.Ra3 h5
44.Rb3 f4 45.Ra3 f5 46.Ra5 Re2 47.Ra8 fxg3 48.hxg3 Rf2 49.Rg8+ Kf6 50.Rf8+ Ke6
51.Rh8 Rxf3 52.Kg2 Ra3 53.Rxh5 Ra2+ 54.Kf3 e4+ 55.Ke3 Rg2 56.Rg5 Ke5 57.Rg8 Rxg3+
58.Rxg3 f4+ 59.Kf2 fxg3+ 60.Kxg3 Kd4 61.Kf2 Kd3  0-1

[Event "ch-POR"]
[Site "Almada POR"]
[Date "2008.08.27"]
[Round "1"]
[White "Fernandes,Ant"]
[Black "Andrade,Jo"]
[Result "0-1"]
[WhiteElo "2408"]
[BlackElo "2290"]

1.d4 Nf6 2.c4 e6 3.g3 Bb4+ 4.Bd2 Qe7 5.Bg2 O-O 6.Nf3 Nc6 7.O-O Bxd2 8.Qxd2 d6
9.Nc3 Bd7 10.Rad1 a6 11.e4 e5 12.Nd5 Nxd5 13.cxd5 Na7 14.h3 f6 15.Rfe1 Rfc8
16.Re3 c6 17.dxc6 Bxc6 18.Qb4 Qc7 19.Rc3 a5 20.Qb3+ Qf7 21.d5 Bb5 22.Rdc1 Qd7
23.Kh2 Rxc3 24.Rxc3 Rc8 25.h4 Rxc3 26.Qxc3 Qd8 27.Bh3  0-1

[Event "5th LGA Premium Cup"]
[Site "Nuernberg GER"]
[Date "2008.09.05"]
[Round "2"]
[White "Haba,P"]
[Black "Heimrath,R"]
[Result "1-0"]
[WhiteElo "2570"]
[BlackElo "2240"]

1.d4 Nf6 2.c4 e6 3.g3 Bb4+ 4.Nd2 Ne4 5.Nf3 f5 6.Bg2 O-O 7.O-O Be7 8.d5 Nxd2
9.Qxd2 Bf6 10.dxe6 dxe6 11.Qxd8 Rxd8 12.Bf4 Nc6 13.Rfd1 Rxd1+ 14.Rxd1 e5
15.Be3 Be6 16.b3 h6 17.Ne1 a5 18.Nd3 Rd8 19.Bxc6 bxc6 20.Rd2 a4 21.Nc5 Rxd2
22.Bxd2 axb3 23.axb3 Bc8 24.Nd3 Bd8 25.Ba5 e4 26.Ne5 Bb7 27.f4 Bf6 28.Kf2 Bxe5
29.fxe5 Kf7 30.Ke3 Ke6 31.Bxc7 g5 32.Bd6 Bc8 33.Kd4 Bd7 34.Bf8 h5 35.Bh6 g4
36.Bf4 Be8 37.Kc5 Kd7 38.b4 Bf7 39.b5 cxb5 40.cxb5 Be6 41.b6 Kd8 42.Kd6 Bc8
43.Bg5+ Ke8 44.Kc7  1-0

[Event "Liga Nacional Ajedrez"]
[Site "Villa Martelli ARG"]
[Date "2008.09.06"]
[Round "5"]
[White "Alegre,E"]
[Black "Bruno,G"]
[Result "1-0"]
[WhiteElo "1819"]
[BlackElo "1720"]

1.d4 Nf6 2.c4 e6 3.g3 Bb4+ 4.Nc3 c6 5.Bd2 d5 6.Bg2 dxc4 7.Nf3 Nbd7 8.O-O O-O
9.Bf4 Nb6 10.Qc2 c5 11.Nb5 Nfd5 12.Bd6 a6 13.Bxf8 axb5 14.Bxc5 Bxc5 15.dxc5 Nd7
16.Rfd1 Qc7 17.Ng5 N5f6 18.b4 h6 19.Ne4 Nd5 20.a3 b6 21.Nd6 bxc5 22.Nxb5 Qb6
23.Qxc4 Ba6 24.a4 cxb4 25.Bxd5 exd5 26.Qxd5 Rd8 27.Qd6 Qxd6 28.Rxd6 Ra8 29.Nc7  1-0

[Event "Autumn-1"]
[Site "Alushta UKR"]
[Date "2008.09.07"]
[Round "6"]
[White "Khudiakov,A"]
[Black "Harutjunyan,G"]
[Result "1/2-1/2"]
[WhiteElo "2164"]
[BlackElo "2441"]

1.d4 Nf6 2.c4 e6 3.g3 Bb4+ 4.Bd2 a5 5.Bg2 d5 6.Qc2 O-O 7.e3 c5 8.Ne2 cxd4
9.exd4 Nc6 10.O-O dxc4 11.Qxc4 Bd7 12.Nbc3 Be7 13.Be3 a4 14.d5 b5 15.Qxb5 Nb4
16.Qb6 Qxb6 17.Bxb6 Nfxd5 18.Nxd5 exd5 19.Nf4 Ra6 20.a3 Rxb6 21.axb4 Bxb4
22.Nxd5 Rbb8 23.Nxb4 Rxb4 24.Rfd1 Bg4 25.Rd2 Rc8 26.Bc6 Bh3 27.Rxa4 Rbb8
28.Rad4 g6 29.Bd7 Rc1+ 30.Rd1 Rxd1+ 31.Rxd1 Bxd7 32.Rxd7 Rxb2 33.h4 Kg7 34.Kg2 Rc2
35.Ra7 h5  1/2-1/2

[Event "5th LGA Premium Cup"]
[Site "Nuernberg GER"]
[Date "2008.09.07"]
[Round "6"]
[White "Redzepovic,I"]
[Black "Heimrath,R"]
[Result "1/2-1/2"]
[WhiteElo "2084"]
[BlackElo "2240"]

1.d4 Nf6 2.c4 e6 3.g3 Bb4+ 4.Bd2 a5 5.Nc3 O-O 6.Bg2 d5 7.a3 Bxc3 8.Bxc3 a4
9.Nf3 Ne4 10.O-O Nd7 11.Bb4 Re8 12.Qc2 Ra6 13.Rfd1 f5 14.cxd5 exd5 15.Rac1 c6
16.e3 Qf6 17.Ne1 Qh6 18.Nd3 Ndf6 19.Re1 Ng4 20.h3 Ngf6 21.Kh1 Ng5 22.Nf4 Bd7
23.Qe2 Nf7 24.Nd3 Raa8 25.Kg1 Ne4 26.Qf1 g5 27.Re2 Qg6 28.Be1 h5 29.f3 Ned6
30.Bb4 Nb5 31.Ree1 b6 32.Kh2 Re6 33.f4 Rae8 34.Ne5 Nxe5 35.dxe5 g4 36.h4 Nc7
37.Bd6 Rxd6 38.exd6 Qxd6 39.Qd3 Qe7 40.Qd4 b5 41.Rcd1 Rd8 42.Rc1 Be8 43.Qa7 Kf7
44.Qd4 Qf6 45.Kg1 Ne6 46.Qxf6+ Kxf6 47.Rcd1 Ke7 48.Bf1 Nc5 49.Bd3 Nxd3 50.Rxd3 Ra8
51.Kf2  1/2-1/2

[Event "USCL 2008"]
[Site "ICC INT"]
[Date "2008.09.10"]
[Round "3"]
[White "Gulko,B"]
[Black "Tangborn,E"]
[Result "1-0"]
[WhiteElo "2552"]
[BlackElo "2455"]

1.d4 Nf6 2.c4 e6 3.g3 Bb4+ 4.Bd2 Qe7 5.Nf3 Nc6 6.Nc3 Bxc3 7.Bxc3 Ne4 8.Rc1 Nxc3
9.Rxc3 O-O 10.d5 Nd8 11.Bg2 d6 12.Qc2 Bd7 13.O-O e5 14.c5 c6 15.cxd6 Qxd6
16.Rd1 Qe7 17.Rc5 f6 18.Nh4 g6 19.b4 a6 20.a4 Qe8 21.Qd2 cxd5 22.Bxd5+ Be6
23.a5 Rf7 24.Ng2 Kg7 25.Ne3 Bxd5 26.Rxd5 Ne6 27.Nc4 Re7 28.Nb6 Rb8 29.e3 Qf7
30.h4 Rbe8 31.Rd6 Nc7 32.Qc2 Nb5 33.Rd7 Rxd7 34.Rxd7 Re7 35.Qc8 Rxd7 36.Nxd7 Nd6
37.Qd8 h5 38.Nxe5 Qe6 39.Qc7+ Kg8 40.Nxg6  1-0

[Event "7th Georgiev - Kesarovski Mem"]
[Site "Sunny Beach BUL"]
[Date "2008.09.11"]
[Round "5"]
[White "Mlynek,P"]
[Black "Pantev,V"]
[Result "0-1"]
[WhiteElo "2222"]
[BlackElo "2380"]

1.d4 Nf6 2.c4 e6 3.g3 Bb4+ 4.Bd2 c5 5.Bxb4 cxb4 6.Bg2 O-O 7.Nf3 Qc7 8.Nbd2 d6
9.O-O a5 10.a3 Na6 11.axb4 Nxb4 12.Qb3 e5 13.Rfc1 Be6 14.d5 Bg4 15.h3 Bxf3
16.Qxf3 Nd7 17.Ne4 Nc5 18.Qe3 Nxe4 19.Bxe4 f5 20.Bb1 b6 21.Ra3 g6 22.Kg2 Rac8
23.Rac3 Qc5 24.Qxc5 Rxc5 25.f4 exf4 26.gxf4 Rfc8 27.e4 fxe4 28.Kf2 Kf7 29.Ke3 b5
30.Kxe4 bxc4 31.Rd1 Re8+  0-1

[Event "II ROMGAZ Open"]
[Site "Bucharest ROU"]
[Date "2008.09.12"]
[Round "2"]
[White "Gleizerov,E"]
[Black "Vladescu,F"]
[Result "1-0"]
[WhiteElo "2549"]
[BlackElo "2202"]

1.d4 Nf6 2.c4 e6 3.g3 Bb4+ 4.Bd2 Qe7 5.Bg2 O-O 6.Nf3 Bxd2+ 7.Qxd2 d6 8.Nc3 e5
9.O-O Nc6 10.d5 Nb8 11.e4 a5 12.Ne1 Na6 13.Nd3 Nc5 14.Rae1 Nfd7 15.f4 Nxd3
16.Qxd3 Nc5 17.Qd2 Bd7 18.Rf3 Rfd8 19.f5 f6 20.h4 Kh8 21.g4 Rg8 22.g5 g6
23.Ref1 gxf5 24.exf5 Rae8 25.Rg3  1-0

[Event "TCh-SRB 1st League"]
[Site "Subotica SRB"]
[Date "2008.09.12"]
[Round "11"]
[White "Pavlovic,MiloM"]
[Black "Jovic,A"]
[Result "1-0"]
[WhiteElo "2537"]
[BlackElo "2381"]

1.d4 e6 2.c4 Nf6 3.g3 Bb4+ 4.Nd2 d5 5.Bg2 O-O 6.Nf3 c5 7.cxd5 cxd4 8.Nxd4 Nxd5
9.O-O Nf4 10.gxf4 Qxd4 11.Nb3 Qb6 12.Be3 Qb5 13.Nd4 Qa5 14.a3 Be7 15.Qb3 Nd7
16.Qb5 Qd8 17.Rfd1 a6 18.Qb3 Qa5 19.Nxe6 Re8 20.Rd5 b5 21.Rg5 Bf6 22.Nxg7 Rxe3
23.Qxe3 Bxg5 24.fxg5 Rb8 25.Nf5 Bb7 26.Qd4  1-0

[Event "II ROMGAZ Open"]
[Site "Bucharest ROU"]
[Date "2008.09.18"]
[Round "8"]
[White "Gleizerov,E"]
[Black "Dzagnidze,N"]
[Result "1/2-1/2"]
[WhiteElo "2549"]
[BlackElo "2458"]

1.d4 Nf6 2.c4 e6 3.g3 Bb4+ 4.Bd2 Be7 5.Bg2 d5 6.Nf3 O-O 7.O-O c6 8.Qb3 b6
9.Nc3 Ba6 10.cxd5 cxd5 11.Rfc1 Nc6 12.Nb5 Qd7 13.a4 Ne4 14.Be1 Rfc8 15.Rc2 Nd6
16.Rac1 Bxb5 17.axb5 Na5 18.Bxa5 bxa5 19.Rc6 Qb7 20.Ne5 Rxc6 21.Nxc6 Bd8
22.e4 dxe4 23.d5 e5 24.Nxe5 Bb6 25.Rc6 Re8 26.Rxd6 Rxe5 27.Qc3 Re8 28.Kf1 Qe7
29.Rc6 Qd7 30.d6 Qf5 31.Qc2 Qxb5+ 32.Kg1 e3 33.fxe3 Qg5 34.Rc3 g6 35.Kh1 Rxe3
36.Qc1 Qe5 37.Rxe3 Bxe3 38.Qd1 Bd4 39.d7 Qd6 40.b3 Qxd7 41.Bf3 Qf5 42.Kg2 Qc5
43.Qd3 h5 44.Be4 Kg7 45.Bf3 Qb4 46.Qd1 Qc3 47.Bd5 Qb2+ 48.Kh3 h4 49.Qf3 f6
50.Bc4 hxg3 51.hxg3 Qc1 52.Qb7+ Kh6 53.Qa8 f5 54.Qd5 Qd1 55.Kg2 Qg1+ 56.Kh3 Bf6
57.Qg2 Qd1 58.Qd5 Qe1 59.Kg2 Be5 60.Qd3 Bc7 61.Qf3 Qe5 62.Qd3 Qb2+ 63.Qe2 Qc3
64.Qf3 Qe1 65.Qf2 Qe4+ 66.Qf3 Qe5 67.Qd3 Bd6 68.Qd2+ Kg7 69.Qf2 Kf6 70.Qf3 g5
71.Qd3 g4 72.Kf2 Bc5+ 73.Kg2 Bd4 74.Qe2 Be3 75.Qd3 Kg6 76.Qc2 Qc5 77.Qd3 Qe5
78.Qc2 Bc5 79.Qe2 Be3 80.Qd1  1/2-1/2

[Event "EYg14"]
[Site "Herceg Novi MNE"]
[Date "2008.09.19"]
[Round "5"]
[White "Arabidze,M"]
[Black "Baciu,D"]
[Result "1-0"]
[WhiteElo "2152"]
[BlackElo "2016"]

1.d4 Nf6 2.c4 e6 3.g3 Bb4+ 4.Bd2 Be7 5.Bg2 d5 6.Nf3 c6 7.Qc2 O-O 8.O-O b6
9.Bf4 Ba6 10.b3 Nbd7 11.Rd1 Rc8 12.Nc3 Qe8 13.e4 dxe4 14.Ng5 c5 15.Ncxe4 h6
16.Nf3 Nxe4 17.Qxe4 Nf6 18.Qe2 Nd5 19.Bd2 cxd4 20.Nxd4 Bc5 21.Bxh6 Nf6 22.Bg5 Nh7
23.Be3 Nf6 24.a4 e5 25.Nf5 Qe6 26.Bh3 Qc6 27.Bxc5 Qxc5 28.Rd6 g6 29.Rxf6 gxf5
30.Qh5 Rc6 31.Qg5+ Kh8 32.Qh6+ Kg8 33.Bxf5  1-0